Science Quiz

Random Science or Animal Quiz
Score 0/39 Timer 10:00
0 Plays Today
% Correct
Tuojiangosaurus
100%
Bistahieversor
88.9%
Eotyrannus
88.9%
Majungasaurus
88.9%
Pentaceratops
88.9%
Erlikosaurus
88.9%
Albertaceratops
88.9%
Suchomimus
88.9%
Shantungosaurus
88.9%
Microvenator
88.9%
Saurornitholestes
88.9%
Megaraptor
88.9%
Sinosaurus
77.8%
Barosaurus
77.8%
Zuniceratops
77.8%
Eocarcharia
77.8%
Leptoceratops
77.8%
Scutellosaurus
77.8%
Panoplosaurus
77.8%
Sinornithoides
77.8%
% Correct
STEGOCERAS
77.8%
Caudipteryx
77.8%
HYDROTHEROSAURUS
77.8%
APATOSAURUS
77.8%
Futalognkosaurus
66.7%
Coelurus
66.7%
Dyoplosaurus
66.7%
Talarurus
66.7%
Peloroplites
66.7%
Teratophoneus
66.7%
Chirostenotes
66.7%
Mononykus
66.7%
Pinacosaurus
66.7%
ANSERIMIMUS
66.7%
Yingshanosaurus
55.6%
Hypacrosaurus
55.6%
Hesperosaurus
55.6%
BARAPASAURUS
55.6%
Nodosaurus
44.4%
Come Together.
Have Fun.
All Virtual.
We all need to come together. Play Sporcle's virtual live trivia to have fun, connect with people, and get your trivia on. Join a live hosted trivia game for your favorite pub trivia experience done virtually. If a virtual private party is more your thing, go here for details.

You're not logged in!

Compare scores with friends on all Sporcle quizzes.
OR
Log In

Sporcle TV

Today on Sporcle TV


Watch our educational content, quiz creation guides, and fun videos on Sporcle TV.

Show Comments

Extras

Created Feb 17, 2020ReportNominate
Tags:Animal Quiz

Top Quizzes Today


Score Distribution

Paid Content

Your Account Isn't Verified!

In order to create a playlist on Sporcle, you need to verify the email address you used during registration. Go to your Sporcle Settings to finish the process.

Report this User

Report this user for behavior that violates our Community Guidelines.

Details: